| 000 | 00539nam a2200169Ia 4500 | ||
|---|---|---|---|
| 005 | 20250424120337.0 | ||
| 008 | 250424s9999 xx 000 0 und d | ||
| 022 | _a15308669 | ||
| 050 | _aTK 5103.2 .W563/ | ||
| 245 | 0 | _aWireless communications & mobile computing | |
| 260 | _aUK | ||
| 260 | _bJohn Wiley & Sons | ||
| 260 | _c2005 | ||
| 300 | _av. : ill. ; 26 cm. | ||
| 650 | _aWireless communication systems--Periodicals. Mobile communication systems--Periodicals. Electrical and Electronic Engineering--Periodicals. | ||
| 942 | _cSR | ||
| 999 |
_c38779 _d38779 |
||